| 000 | 00614nam a22002057a 4500 | ||
|---|---|---|---|
| 003 | OSt | ||
| 005 | 20140310182841.0 | ||
| 008 | 130213t xxu||||| |||| 00| 0 eng d | ||
| 020 | _a0716007916 | ||
| 050 |
_aGV 837.2 _b.B927 1988 |
||
| 082 |
_aM 797.2107 _bB85 1988 |
||
| 245 |
_aTeach your child to swim _cBudworth, Geoffrey |
||
| 260 |
_aSurrey, U.K. ; _bElliot Right Way Books, _cc1988. |
||
| 300 |
_a126 p. _c18 cm. |
||
| 521 | _aCollege Students | ||
| 526 | _c1210L-1700L | ||
| 541 | _j1 | ||
| 562 | _e1 | ||
| 942 |
_2lcc _cBK _kM |
||
| 999 |
_c16857 _d16857 |
||